000
00286nam a2200097Ia 4500
005
20250424112822.0
008
250424s9999 xx 000 0 und d
300
_a
vi, 250 p. ; 22 cm.
650
_a
World politics--Periodicals. Nigeria--Politics and government--Periodicals.
942
_c
SR
999
_c
37311
_d
37311